[Event "Botvinnik 100th Open"]
[Site "St Petersburg RUS"]
[Date "2011.08.14"]
[Round "3"]
[White "Skvortsov, Alexander"]
[Black "Predke, Alexandr"]
[Result "0-1"]
[WhiteElo "2103"]
[BlackElo "2450"]
[WhiteFideId "24170038"]
[BlackFideId "24107581"]
[EventDate "2011.08.12"]

1. e4 e5 2. Nf3 Nc6 3. Bb5 a6 4. Ba4 Nf6 5. O-O b5 6. Bb3 Bc5 7. c3 d6 8. d4 Bb6
9. a4 Rb8 10. axb5 axb5 11. Qd3 O-O 12. Qxb5 Bd7 13. Qd3 exd4 14. cxd4 Nxd4 15.
Nxd4 Bxd4 16. Qxd4 Rxb3 17. Bg5 h6 18. Nd2 Rb5 19. Bxf6 Qxf6 20. Qxf6 gxf6 21.
Rfc1 Rc8 22. Rc2 Be6 23. f3 f5 24. Kf2 fxe4 25. Nxe4 d5 26. Nc3 Rb4 27. Ne2 c5
28. Ra5 c4 29. Nd4 c3 30. Nxe6 cxb2 31. Rxc8+ Kh7 32. Ra7 b1=Q 33. Rxf7+ Kg6 34.
Nd8 Qb2+ 0-1

[Event "Botvinnik 100th Open"]
[Site "St Petersburg RUS"]
[Date "2011.08.14"]
[Round "3"]
[White "Yaksin, Oleg"]
[Black "Donskov, Anatoly"]
[Result "1/2-1/2"]
[WhiteElo "2414"]
[BlackElo "2267"]
[WhiteFideId "24105880"]
[BlackFideId "24143413"]
[EventDate "2011.08.12"]

1. d4 Nf6 2. c4 e6 3. g3 c5 4. d5 exd5 5. cxd5 b5 6. e4 Nxe4 7. Qe2 Qe7 8. Bg2
f5 9. d6 Qe6 10. Nc3 Bb7 11. Nxb5 Bxd6 12. Bf4 Bxf4 13. gxf4 O-O 14. f3 Nf6 15.
Qxe6+ dxe6 16. Nc7 Nd5 17. Nxa8 Nxf4 18. Nc7 Nxg2+ 19. Kf2 Nf4 20. Ne2 Nd3+ 21.
Ke3 c4 22. Nf4 Nxf4 23. Kxf4 e5+ 24. Kxe5 Bxf3 25. Ne6 Rf6 26. Rhe1 Nc6+ 27. Kf4
Be4 28. Ng5 Nb4 29. Rg1 Nd3+ 30. Ke3 Bb7 31. b3 h6 32. bxc4 Ne5 33. Rab1 Nxc4+
34. Kd4 Nb6 35. Nh3 Rd6+ 36. Ke5 Rd2 37. Nf4 Kf7 38. Kxf5 g5 39. Nh5 Bf3 40. Nf6
Rd6 41. Ng4 Nc4 42. Nxh6+ Rxh6 43. Kxg5 Rxh2 44. Rbf1 Nd2 45. Rc1 Bd5 46. Rc7+
Ke6 47. Rgc1 Ne4+ 48. Kf4 Rf2+ 49. Ke3 Rxa2 50. Kd4 Ra3 1/2-1/2

[Event "Botvinnik 100th Open"]
[Site "St Petersburg RUS"]
[Date "2011.08.14"]
[Round "3"]
[White "Kuzubov, Yuriy"]
[Black "Sanzhaev, Darsen"]
[Result "1-0"]
[WhiteTitle "GM"]
[WhiteElo "2630"]
[BlackElo "2211"]
[WhiteFideId "14112906"]
[BlackFideId "24120030"]
[EventDate "2011.08.12"]

1. e4 c5 2. Nf3 e6 3. g3 d5 4. exd5 exd5 5. Bg2 Nc6 6. O-O Nf6 7. d4 Be7 8. Nc3
O-O 9. Be3 cxd4 10. Nxd4 Re8 11. h3 Be6 12. Nce2 Qd7 13. Nf4 Bd6 14. Ndxe6 fxe6
15. Re1 Rad8 16. c3 Qf7 17. Qd2 d4 18. Bxc6 dxe3 19. Bxe8 exd2 20. Bxf7+ Kxf7
21. Rf1 Bxf4 22. gxf4 Nh5 23. Rad1 Nxf4 24. f3 Rd3 25. Kh1 Nxh3 26. Kh2 Ng5 27.
Kg2 Kg6 28. Rf2 h5 29. Rdxd2 Nxf3 30. Rxd3 Ne1+ 31. Kg3 Nxd3 32. Rd2 Ne5 33. Kf4
Kf6 34. Ke4 Nf7 35. c4 g5 36. c5 g4 37. b4 e5 38. b5 Ke6 39. Ke3 h4 40. c6 bxc6
41. bxc6 Nd6 42. c7 Nc4+ 43. Ke2 Nb6 44. Rd8 h3 45. Kf2 e4 46. c8=Q+ Nxc8 47.
Rxc8 Ke5 48. Kg3 e3 49. Kxg4 h2 50. Rc1 Ke4 51. Re1 a6 52. Kg3 a5 53. Kxh2 Kf3
54. Rf1+ Ke2 55. Kg2 Kd2 56. Kf3 1-0

[Event "Botvinnik 100th Open"]
[Site "St Petersburg RUS"]
[Date "2011.08.14"]
[Round "3"]
[White "Gopkin, Nikolaj"]
[Black "Savchenko, Boris"]
[Result "0-1"]
[BlackTitle "GM"]
[WhiteElo "2221"]
[BlackElo "2615"]
[WhiteFideId "4134869"]
[BlackFideId "4147332"]
[EventDate "2011.08.12"]

1. d4 Nf6 2. c4 g6 3. Nc3 Bg7 4. e4 O-O 5. e5 Ne8 6. f4 d6 7. Be3 Nd7 8. Nf3 b6
9. Bd3 Bb7 10. Be4 Bxe4 11. Nxe4 c5 12. exd6 Nxd6 13. Nxd6 exd6 14. O-O Re8 15.
Qd3 d5 16. Rae1 Rc8 17. dxc5 dxc4 18. Qxc4 Nxc5 19. Bxc5 Rxc5 20. Qa4 Rf8 21.
Rf2 Qc7 22. g3 a5 23. Qe4 Rc4 24. Qe2 Rc8 25. b3 Rc2 26. Qe3 Bf8 27. Kg2 Rc3 28.
Qe4 Rc2 29. Ree2 Rc5 30. Ne5 Bg7 31. Nf3 h6 32. Rd2 Rc1 33. Rfe2 Ra1 34. Rc2 Qd8
35. Rxc8 Qxc8 36. Rc2 Qa6 37. Re2 Qb5 38. Ne5 Qc5 39. Rf2 Qc1 40. Qc4 Qg1+ 41.
Kf3 Bxe5 42. fxe5 Re1 43. Re2 Rf1+ 44. Ke4 Qh1+ 45. Ke3 Rc1 46. Qd4 Rd1 47. Qxb6
Qd5 48. Kf2 Rh1 49. e6 Rxh2+ 50. Ke1 Rh1+ 51. Kf2 Qf5+ 52. Ke3 Qe5+ 53. Kd2 Qb2+
54. Ke3 Qc3+ 55. Kf4 Rf1+ 0-1

[Event "Botvinnik 100th Open"]
[Site "St Petersburg RUS"]
[Date "2011.08.14"]
[Round "3"]
[White "Malakhov, Igor"]
[Black "Bulavin, Alexander"]
[Result "1-0"]
[WhiteTitle "FM"]
[WhiteElo "2448"]
[BlackElo "2196"]
[WhiteFideId "4183088"]
[BlackFideId "4178033"]
[EventDate "2011.08.12"]

1. c4 e5 2. Nc3 Nc6 3. Nf3 d6 4. d4 exd4 5. Nxd4 g6 6. Nxc6 bxc6 7. g3 Bg7 8.
Bg2 Bd7 9. O-O Ne7 10. e4 O-O 11. c5 Be6 12. Qa4 h6 13. Rd1 Qb8 14. Qa3 Rd8 15.
cxd6 cxd6 16. Bf4 Nc8 17. Rac1 g5 18. Be3 Nb6 19. b3 Bf8 20. Qa5 Nd7 21. h3 f6
22. Qa6 Qc8 23. Qe2 Qb7 24. f4 Re8 25. Qf2 a5 26. Ne2 Rac8 27. Nd4 Bf7 28. e5
Bd5 29. Bxd5+ cxd5 30. Rxc8 Qxc8 31. e6 Nc5 32. f5 Re7 33. Qe2 Qe8 34. g4 Rb7
35. Nc2 Ne4 36. Rxd5 Nc3 37. Qa6 Qc8 38. Rxa5 d5 39. Qd3 Qc7 40. Ra8 Qg3+ 41.
Kf1 Qf3+ 42. Ke1 Qh1+ 43. Qf1 Qe4 44. Kd2 d4 45. Bxd4 Nb5 46. Qc4 Re7 1-0

[Event "Botvinnik 100th Open"]
[Site "St Petersburg RUS"]
[Date "2011.08.14"]
[Round "3"]
[White "Kiselev, Pavel"]
[Black "Tunik, Gennady"]
[Result "0-1"]
[BlackTitle "GM"]
[WhiteElo "2191"]
[BlackElo "2440"]
[WhiteFideId "4191102"]
[BlackFideId "4101219"]
[EventDate "2011.08.12"]

1. e4 c5 2. Nf3 e6 3. d4 cxd4 4. Nxd4 a6 5. Bd3 Nf6 6. Be3 e5 7. Nf3 d5 8. Nbd2
Nc6 9. Bg5 Be7 10. O-O d4 11. h3 h6 12. Bh4 Be6 13. Bg3 Nd7 14. Bc4 O-O 15. Bxe6
fxe6 16. Ne1 Bf6 17. Nd3 Qe8 18. a4 Rc8 19. Nc4 Qg6 20. a5 Rc7 21. Qe2 Qe8 22.
b4 Kh7 23. Rab1 Qe7 24. Bh2 g5 25. Qg4 Bg7 26. Bg3 Nf6 27. Qe2 Nd7 28. Rb2 Rfc8
29. Nb6 Re8 30. Ra1 Nf8 31. b5 axb5 32. Rxb5 Ng6 33. Qd2 Na7 34. Rb3 Nc8 35. c3
Nxb6 36. axb6 Rc4 37. cxd4 Rxd4 38. Qe3 Red8 39. Rc1 Nf4 40. Bxf4 exf4 41. Qf3
Qd6 42. Rcc3 Rd7 43. h4 gxh4 44. Qe2 Ra4 45. e5 Qd5 46. Qc2 Qe4 47. Nc5 Qxc2 48.
Rxc2 Ra1+ 49. Kh2 Rdd1 50. Kh3 Bxe5 51. Kg4 Kg6 52. Nxb7 h5+ 53. Kf3 Rdb1 54.
Rxb1 Rxb1 55. Ke4 Kf6 56. Nc5 Bd6 57. f3 Rb5 58. b7 Rb4+ 59. Kd3 Ke7 60. Rc3 Rb5
61. Rc2 Kf7 62. Ke4 Kg6 63. Kd3 Bxc5 64. Rxc5 Rxb7 65. Ke4 Rb4+ 66. Ke5 h3 67.
gxh3 Kg5 68. Kxe6+ Kh4 69. Rf5 Kxh3 70. Rg5 Kh4 71. Rg8 Rb3 72. Ke5 Rxf3 73. Ke4
Rf1 74. Kd3 Re1 75. Rg7 f3 0-1

[Event "Botvinnik 100th Open"]
[Site "St Petersburg RUS"]
[Date "2011.08.14"]
[Round "3"]
[White "Lanin, Alexsej"]
[Black "Kobzar, Alexandr"]
[Result "0-1"]
[WhiteTitle "IM"]
[WhiteElo "2423"]
[BlackElo "2184"]
[WhiteFideId "4154959"]
[BlackFideId "14113660"]
[EventDate "2011.08.12"]

1. e4 c5 2. Nf3 d6 3. d4 cxd4 4. Nxd4 Nf6 5. Nc3 g6 6. Be3 Bg7 7. f3 O-O 8. Qd2
Nc6 9. O-O-O d5 10. exd5 Nxd5 11. Nxc6 bxc6 12. Bd4 e5 13. Bc5 Be6 14. Ne4 Re8
15. Bc4 Nf4 16. Bxe6 Nxe6 17. Qc3 Nd4 18. Qc4 Qd5 19. Qxd5 cxd5 20. Nc3 Rac8 21.
Bxd4 exd4 22. Nxd5 Re2 23. Rd2 Bh6 24. f4 Rxd2 25. Kxd2 Rb8 26. b3 Rb5 27. Ne7+
Kf8 28. Nc6 Bxf4+ 29. Kd3 Rh5 30. b4 a6 31. a4 Bd6 32. a5 Ke8 33. Kc4 Rg5 34. g3
Rh5 35. g4 Rxh2 36. Rxh2 Bxh2 37. Nxd4 h5 38. gxh5 gxh5 39. Nf5 Kd7 40. Kd5 Bg1
41. c4 Bf2 42. c5 h4 43. b5 axb5 44. a6 Kc7 45. Nd6 h3 46. Nxb5+ Kb8 47. a7+ Ka8
48. Kc6 h2 0-1

[Event "Botvinnik 100th Open"]
[Site "St Petersburg RUS"]
[Date "2011.08.14"]
[Round "3"]
[White "Pen, Pyotr"]
[Black "Ovod, Evgenija"]
[Result "0-1"]
[BlackTitle "IM"]
[WhiteElo "2175"]
[BlackElo "2420"]
[WhiteFideId "24129950"]
[BlackFideId "4131827"]
[EventDate "2011.08.12"]

1. e4 e5 2. Nf3 Nc6 3. d4 exd4 4. Nxd4 Bb4+ 5. c3 Bc5 6. Be3 Bb6 7. Bc4 Nge7 8.
Nxc6 bxc6 9. Bxb6 axb6 10. Nd2 d5 11. Bb3 O-O 12. O-O d4 13. cxd4 Qxd4 14. Qc2
Ra5 15. Nf3 Qf6 16. Rfd1 Rc5 17. Qd2 Bg4 18. Qd4 Qxd4 19. Rxd4 Bxf3 20. gxf3 Ng6
21. Rad1 Ne5 22. Kg2 g5 23. h4 h6 24. hxg5 hxg5 25. Kg3 Kg7 26. f4 Ng6 27. f5
Ne5 28. f4 gxf4+ 29. Kxf4 Rh8 30. Bd5 Kf6 31. Bb3 Rh3 32. Rf1 Rc1 33. Bd1 Rd3
34. Rxd3 Nxd3+ 35. Ke3 Nxb2 36. Be2 Rxf1 37. Bxf1 Ke5 38. Be2 f6 39. Ba6 Nd1+ 0-1

[Event "Botvinnik 100th Open"]
[Site "St Petersburg RUS"]
[Date "2011.08.14"]
[Round "3"]
[White "Pimenov, Revolt"]
[Black "Ponfilenok, Vladimir"]
[Result "0-1"]
[WhiteElo "2173"]
[BlackElo "2413"]
[WhiteFideId "4146590"]
[BlackFideId "24113522"]
[EventDate "2011.08.12"]

1. d4 e6 2. e4 d5 3. Nc3 Bb4 4. e5 c5 5. a3 Bxc3+ 6. bxc3 Qa5 7. Bd2 Qa4 8. Qb1
c4 9. g3 Nc6 10. Bh3 Bd7 11. Ne2 O-O-O 12. Nf4 f5 13. exf6 Nxf6 14. O-O Rhe8 15.
Bg2 e5 16. Nxd5 Nxd5 17. Bxd5 Bh3 18. Bf3 Bxf1 19. Qxf1 Kb8 20. Bg5 Rd6 21. Rb1
Qxc2 22. dxe5 Nxe5 23. Rxb7+ Kc8 24. Qh3+ Ree6 25. Rb4 Nxf3+ 26. Kg2 Qe4 0-1

[Event "Botvinnik 100th Open"]
[Site "St Petersburg RUS"]
[Date "2011.08.14"]
[Round "3"]
[White "Ulanov, Alexandr"]
[Black "Balaian, Alina"]
[Result "1-0"]
[WhiteTitle "IM"]
[WhiteElo "2371"]
[BlackElo "2163"]
[WhiteFideId "24107646"]
[BlackFideId "24115347"]
[EventDate "2011.08.12"]

1. d4 Nf6 2. Nf3 c5 3. d5 e6 4. Nc3 exd5 5. Nxd5 Nxd5 6. Qxd5 Nc6 7. e4 d6 8.
Ng5 Qd7 9. Bc4 Ne5 10. Be2 h6 11. Nh3 a6 12. Nf4 Rb8 13. O-O b5 14. Qd1 Be7 15.
Nd5 Bd8 16. f4 Ng4 17. Bxg4 Qxg4 18. Qxg4 Bxg4 19. f5 Be2 20. Re1 Bc4 21. Bf4
Ba5 22. c3 Rd8 23. b4 1-0

[Event "Botvinnik 100th Open"]
[Site "St Petersburg RUS"]
[Date "2011.08.14"]
[Round "3"]
[White "Kostyuchenko, Vladimir"]
[Black "Polyaninov, Aleksey"]
[Result "0-1"]
[WhiteElo "2144"]
[BlackElo "2365"]
[WhiteFideId "4126084"]
[BlackFideId "4118499"]
[EventDate "2011.08.12"]

1. d4 Nf6 2. c4 e6 3. Nc3 Bb4 4. Qc2 c5 5. dxc5 Bxc5 6. Nf3 Nc6 7. a3 O-O 8. Bg5
Be7 9. e4 Qc7 10. Nb5 Qb8 11. Be2 a6 12. Nbd4 h6 13. Bh4 Nxd4 14. Nxd4 Qf4 15.
g3 Qc7 16. f4 Qa5+ 17. Kf1 d6 18. b4 Qc7 19. Bf3 e5 20. Nf5 Bxf5 21. exf5 e4 22.
Bd1 Rac8 23. Rc1 Qd7 24. Bxf6 Bxf6 25. g4 d5 26. c5 Rfe8 27. h4 d4 28. g5 d3 29.
Qg2 Bd4 30. Bg4 h5 31. Bh3 e3 0-1

[Event "Botvinnik 100th Open"]
[Site "St Petersburg RUS"]
[Date "2011.08.14"]
[Round "3"]
[White "Serov, Maksim"]
[Black "Menkov, Aleksandr"]
[Result "1-0"]
[WhiteElo "2364"]
[BlackElo "2143"]
[WhiteFideId "4181905"]
[BlackFideId "24160326"]
[EventDate "2011.08.12"]

1. d4 g6 2. c4 Nf6 3. Nc3 Bg7 4. e4 d6 5. f4 O-O 6. Nf3 c5 7. dxc5 Qa5 8. Bd3
Nfd7 9. Bd2 Nxc5 10. Qc2 Nxd3+ 11. Qxd3 Qh5 12. Nd5 Nc6 13. Bc3 f6 14. O-O Bg4
15. h3 Bxf3 16. Rxf3 Rf7 17. g4 Qh6 18. f5 Ne5 19. Bxe5 fxe5 20. Nc7 Rc8 21. Ne6
gxf5 22. gxf5 Rf6 23. Kh2 Rxe6 24. fxe6 Qxe6 25. Rg1 Kh8 26. Qd5 Qxd5 27. cxd5
Bh6 28. Rc3 Rf8 29. Rc7 Be3 30. Rg2 h5 31. Rxe7 Rf1 32. Re2 Bd4 33. Rc2 1-0

[Event "Botvinnik 100th Open"]
[Site "St Petersburg RUS"]
[Date "2011.08.14"]
[Round "3"]
[White "Palchun, Grigory"]
[Black "Kashtanov, Ruslan"]
[Result "0-1"]
[BlackTitle "IM"]
[WhiteElo "2144"]
[BlackElo "2360"]
[WhiteFideId "24147338"]
[BlackFideId "4124871"]
[EventDate "2011.08.12"]

1. d4 Nf6 2. Nf3 e6 3. Bg5 c5 4. e3 h6 5. Bh4 b6 6. Nbd2 Bb7 7. Bd3 Be7 8. c3
Nc6 9. Qe2 cxd4 10. exd4 Nh5 11. Bg3 Rc8 12. Nf1 O-O 13. Bc2 Re8 14. Qd3 g6 15.
h4 Bf8 16. O-O-O Qf6 17. Qd2 Nb4 18. cxb4 Rxc2+ 19. Qxc2 Nxg3 20. Nxg3 Rc8 21.
Qxc8 Bxc8 22. a3 Bb7 23. Rd3 Bd6 24. Re1 Bf4+ 25. Kb1 Bxg3 26. fxg3 Qf5 27. Re3
Ba6 28. Kc2 d6 29. Kd2 Bxd3 30. Rxd3 g5 31. hxg5 hxg5 0-1

[Event "Botvinnik 100th Open"]
[Site "St Petersburg RUS"]
[Date "2011.08.14"]
[Round "3"]
[White "Martynenko, Andrei"]
[Black "Stetsko, Lanita"]
[Result "1/2-1/2"]
[WhiteTitle "FM"]
[BlackTitle "FM"]
[WhiteElo "2357"]
[BlackElo "2135"]
[WhiteFideId "4167996"]
[BlackFideId "13505300"]
[EventDate "2011.08.12"]

1. e4 e5 2. Nf3 Nc6 3. Bb5 a6 4. Ba4 Nf6 5. d3 d6 6. c3 g6 7. Nbd2 Bg7 8. Nf1
O-O 9. Bg5 Be6 10. h4 h6 11. Bxf6 Qxf6 12. h5 d5 13. hxg6 fxg6 14. Bb3 Ne7 15.
Ne3 c6 16. Qc2 Rad8 17. O-O Bh3 18. Qe2 Kh8 19. gxh3 Qxf3 20. Qxf3 Rxf3 21. Kg2
Rf4 22. f3 h5 23. exd5 Nxd5 24. Nxd5 cxd5 25. Rae1 Bf6 26. Re2 Kg7 27. Rd1 g5
28. Kg3 Kg6 29. Bc2 Kf7 30. Bb3 Kg6 31. Bc2 Kf7 32. Bb3 Kg6 33. Bc2 1/2-1/2

[Event "Botvinnik 100th Open"]
[Site "St Petersburg RUS"]
[Date "2011.08.14"]
[Round "3"]
[White "Tantsiura, Marja"]
[Black "Nikolaev, Leonid"]
[Result "1-0"]
[BlackTitle "FM"]
[WhiteElo "2138"]
[BlackElo "2342"]
[WhiteFideId "14124327"]
[BlackFideId "14103249"]
[EventDate "2011.08.12"]

1. e4 c5 2. Nf3 Nc6 3. d4 cxd4 4. Nxd4 g6 5. Nc3 Bg7 6. Be3 Nf6 7. Nxc6 bxc6 8.
e5 Ng8 9. Bd4 f6 10. f4 d6 11. exd6 exd6 12. Be2 Ne7 13. O-O O-O 14. Qd2 Be6 15.
Bf3 Qc7 16. Rad1 Rad8 17. Rfe1 Bf7 18. Qe2 Nf5 19. Bf2 d5 20. Bc5 Rfe8 21. Qa6
Nh4 22. Rxe8+ Rxe8 23. Be2 Qxf4 24. Qxc6 Qg5 25. Bf1 h5 26. Nxd5 Qg4 27. Ne3 Qg5
28. Nc4 Nf5 29. Bxa7 Qg4 30. Qf3 Qxf3 31. gxf3 Ra8 32. Rd7 Be6 33. Rb7 Bf8 34.
Bf2 Rxa2 35. Ra7 Rxa7 36. Bxa7 Bd5 37. Kf2 Nh4 38. Be2 Kf7 39. Ne3 Bb7 40. Bc4+
Kg7 41. Bd5 Bxd5 42. Nxd5 Bd6 43. Bd4 Kf7 44. h3 Nf5 45. Bxf6 Bc5+ 46. Kg2 1-0

[Event "Botvinnik 100th Open"]
[Site "St Petersburg RUS"]
[Date "2011.08.14"]
[Round "3"]
[White "Biriukov, Oleg V."]
[Black "Petrova, Irina"]
[Result "1-0"]
[WhiteTitle "IM"]
[BlackTitle "WFM"]
[WhiteElo "2339"]
[BlackElo "2125"]
[WhiteFideId "4123174"]
[BlackFideId "14124122"]
[EventDate "2011.08.12"]

1. d4 Nf6 2. c4 c5 3. d5 b5 4. cxb5 a6 5. bxa6 Bxa6 6. Nc3 g6 7. g3 d6 8. Bg2
Bg7 9. Nf3 Nbd7 10. Rb1 O-O 11. O-O Qa5 12. Bd2 Rfb8 13. Qc2 Qc7 14. b3 Nb6 15.
Nh4 Qb7 16. Rfd1 Ne8 17. e4 Nc7 18. a4 Nd7 19. Nf3 Qc8 20. Bh3 Rb7 21. Rdc1 Rab8
22. Na2 Qe8 23. b4 cxb4 24. Nxb4 Nc5 25. Nxa6 N7xa6 26. Rxb7 Rxb7 27. a5 Qb8 28.
Bf1 Rb2 29. Qc4 Bf6 30. Kg2 Qb7 31. Rc2 Kg7 32. Ne1 h5 33. f3 Rb3 34. Nd3 Ra3
35. Nxc5 Nxc5 36. Ra2 Rxa2 37. Qxa2 h4 38. a6 Qa7 39. Bc3 hxg3 40. hxg3 Qa8 41.
a7 g5 42. Bb5 1-0

[Event "Botvinnik 100th Open"]
[Site "St Petersburg RUS"]
[Date "2011.08.14"]
[Round "3"]
[White "Vager, Boris"]
[Black "Payen, Arnaud"]
[Result "0-1"]
[WhiteTitle "FM"]
[BlackTitle "IM"]
[WhiteElo "2127"]
[BlackElo "2339"]
[WhiteFideId "4118537"]
[BlackFideId "600814"]
[EventDate "2011.08.12"]

1. d4 Nf6 2. Nf3 g6 3. Bf4 Bg7 4. e3 O-O 5. Nbd2 d6 6. Bc4 Nbd7 7. h3 Qe8 8. O-O
e5 9. dxe5 dxe5 10. Bh2 Qe7 11. e4 Ne8 12. Re1 Kh8 13. Qe2 Nd6 14. Bb3 a5 15.
Nc4 Nxc4 16. Bxc4 Nb6 17. Bd3 f6 18. Nd2 Be6 19. a3 Bh6 20. b3 Rfd8 21. Red1 Qc5
22. Kh1 Qc3 23. a4 Rd6 24. Nf1 Rad8 25. Rab1 Nd7 26. Bc4 Bxc4 27. Qxc4 Qxc4 28.
bxc4 Nc5 29. Rxd6 Rxd6 30. f3 Nxa4 31. Bg1 b6 32. Be3 Bxe3 33. Nxe3 Kg7 34. Nd5
Rc6 35. Ne3 Kf7 36. Rd1 Ke7 37. Nd5+ Ke6 38. Ne3 Rd6 39. Nd5 Rd7 40. Rb1 Rf7 41.
g4 Kd6 42. Rd1 Nb2 43. Ra1 Nxc4 44. Rd1 Kc5 45. Kg1 c6 46. Nc3 b5 47. Kf2 a4 48.
Na2 b4 49. Rd8 Na3 50. Ra8 Nxc2 51. Rxa4 Kc4 52. Nc1 Rd7 53. Ke2 Nd4+ 54. Ke3
Nb3 55. Ra6 c5 56. Ne2 Nd4 57. Nxd4 Rxd4 58. Rxf6 b3 59. Rb6 Kc3 60. Rb5 b2 61.
Rxc5+ Rc4 62. Rb5 0-1

[Event "Botvinnik 100th Open"]
[Site "St Petersburg RUS"]
[Date "2011.08.14"]
[Round "3"]
[White "Alekseenko, Kirill"]
[Black "Aseev, Vladimir"]
[Result "1-0"]
[WhiteTitle "FM"]
[WhiteElo "2339"]
[BlackElo "2116"]
[WhiteFideId "4135539"]
[BlackFideId "24121371"]
[EventDate "2011.08.12"]

1. e4 c6 2. d4 d5 3. e5 Bf5 4. Nf3 e6 5. Be2 h6 6. O-O Nd7 7. c3 Ne7 8. Nbd2 Bh7
9. Nb3 Nf5 10. a4 Be7 11. a5 O-O 12. g4 Nh4 13. Nxh4 Bxh4 14. f4 f5 15. exf6
Nxf6 16. Nc5 Qe7 17. Bf3 b6 18. Nd3 Ne4 19. Be3 g5 20. axb6 axb6 21. Rxa8 Rxa8
22. Ne5 c5 23. dxc5 bxc5 24. f5 Qc7 25. Nd3 Ng3 26. Nxc5 Nxf1 27. Qxf1 Bg3 28.
Kg2 Bxh2 29. Bf2 Bxf5 30. gxf5 g4 31. Bxg4 exf5 32. Qd3 Qe5 33. Qxf5 Qxf5 34.
Bxf5 Be5 35. Be6+ Kg7 36. Bxd5 Ra1 37. Nd7 Bd6 38. Bd4+ Kg6 39. Ne5+ Kf5 40. Nc4
Bf4 41. Kf3 Rf1+ 42. Bf2 Rh1 43. Kg2 Rc1 44. Bf3 Rc2 45. Bd1 Rc1 46. Be2 Ke4 47.
Na3 Ra1 48. Nc4 Ra2 49. Bh5 Bc1 50. Bg6+ Kf4 51. b4 Kg4 52. Bb1 Ra1 53. Bd3 Ra2
54. Bb1 Ra1 55. Be4 Bf4 56. Ne3+ Kg5 57. Nd5 Bd6 58. Be3+ Kg4 59. Nf6+ Kh4 60.
Bxh6 Ra3 1-0

[Event "Botvinnik 100th Open"]
[Site "St Petersburg RUS"]
[Date "2011.08.14"]
[Round "3"]
[White "Ljubarov, Mark"]
[Black "Duzhakov, Ilya"]
[Result "0-1"]
[BlackTitle "FM"]
[WhiteElo "2115"]
[BlackElo "2338"]
[WhiteFideId "4142110"]
[BlackFideId "4192516"]
[EventDate "2011.08.12"]

1. e4 e6 2. d4 d5 3. e5 c5 4. c3 Qb6 5. Nf3 Nc6 6. a3 Nh6 7. b4 cxd4 8. cxd4 Nf5
9. Be3 f6 10. exf6 gxf6 11. Nc3 Nxe3 12. fxe3 Bh6 13. e4 dxe4 14. Nxe4 O-O 15.
Bc4 Kh8 16. O-O e5 17. Kh1 Bg4 18. dxe5 Nxe5 19. Be2 Qe3 20. Ng3 Rad8 21. Qc2
Ng6 22. Qc5 Rfe8 23. Bb5 Qxc5 24. bxc5 Re3 25. c6 bxc6 26. Bxc6 Rd6 27. Be4 Ne7
28. Nh4 Rd4 29. Nhf5 Bxf5 30. Nxf5 Rdxe4 31. Nxh6 Kg7 32. Nf5+ Nxf5 33. Rxf5
Rxa3 34. Raf1 Re6 35. g4 Kg6 36. Kg2 Ra2+ 37. Kg3 Re3+ 38. R1f3 Re6 39. h4 Rb2
40. Ra3 a6 41. Rfa5 Rbb6 42. h5+ Kg7 43. g5 fxg5 44. Rxg5+ Kf6 45. Rga5 Ke7 46.
Kf4 Rb4+ 47. Kf3 Rbb6 48. Re3 Kd7 49. Rxe6 Rxe6 50. Kf4 Kc7 51. Rg5 Kd6 52. Ra5
Rf6+ 53. Kg5 Ke7 54. Re5+ Kf7 55. Rc5 h6+ 56. Kg4 Ke6 57. Rc8 Ke5 58. Re8+ Kd5
59. Rd8+ Kc5 60. Rg8 a5 61. Rg6 Rd6 62. Kf4 a4 63. Ke4 a3 64. Rg3 Ra6 65. Rg1 0-1

[Event "Botvinnik 100th Open"]
[Site "St Petersburg RUS"]
[Date "2011.08.14"]
[Round "3"]
[White "Korniyuk, Mariya"]
[Black "Nadjezhdin, Dmitry"]
[Result "1-0"]
[WhiteTitle "WFM"]
[BlackTitle "IM"]
[WhiteElo "2104"]
[BlackElo "2329"]
[WhiteFideId "14118874"]
[BlackFideId "4126173"]
[EventDate "2011.08.12"]

1. e4 c5 2. c3 d5 3. exd5 Qxd5 4. d4 g6 5. Nf3 Bg7 6. dxc5 Qxd1+ 7. Kxd1 Nc6 8.
Bb5 Bg4 9. Nd2 Nf6 10. h3 Bd7 11. Re1 Nd5 12. Nc4 O-O-O 13. Bd2 Rhf8 14. Ke2 Nc7
15. a4 Bf5 16. Kf1 Nb8 17. Na3 Nxb5 18. axb5 e5 19. Be3 Bd3+ 20. Kg1 a6 21. bxa6
Nxa6 22. Nd2 Nc7 23. Ndc4 Nd5 24. Nd6+ Kc7 25. Bd2 b6 26. c4 Ne7 27. Nab5+ Kc6
28. Ra7 Bxc4 29. Rc7+ Kd5 30. Nc3+ Kd4 31. Be3+ Kd3 32. Re2 1-0

[Event "Botvinnik 100th Open"]
[Site "St Petersburg RUS"]
[Date "2011.08.14"]
[Round "3"]
[White "Ivanov, Timur"]
[Black "Androsov, Sergey"]
[Result "1-0"]
[WhiteTitle "IM"]
[WhiteElo "2325"]
[BlackElo "2090"]
[WhiteFideId "4115350"]
[BlackFideId "4102681"]
[EventDate "2011.08.12"]

1. Nf3 d5 2. d4 c6 3. c4 Nf6 4. Qc2 e6 5. g3 Be7 6. Bg2 O-O 7. O-O Nbd7 8. Nbd2
b6 9. e4 dxe4 10. Nxe4 Nxe4 11. Qxe4 Bb7 12. Rd1 Qc8 13. Bf4 Re8 14. Ne5 Nxe5
15. Bxe5 f6 16. Bf4 f5 17. Qf3 Bf6 18. Be5 Qd8 19. Qc3 Qe7 20. c5 b5 21. a4 a6
22. b4 Red8 23. axb5 axb5 24. Rxa8 Rxa8 25. Ra1 Rxa1+ 26. Qxa1 Bxe5 27. dxe5 Qd7
28. Bf3 Kf7 29. Qa7 Qc7 30. Qa1 Qd7 31. Qc3 g6 32. Qe3 Qd8 33. h4 Kg7 34. Kg2 h6
35. Kf1 g5 36. hxg5 hxg5 37. g4 f4 38. Qc3 Qd7 39. Kg2 Qd8 40. Be4 Qh8 41. Qd4
Qc8 42. Qd6 Kf7 43. Bc2 Qf8 44. Bg6+ Kg7 45. Be4 Qe8 46. Kf1 Kf7 47. Ke2 Kg7 48.
Qc7+ Qf7 49. Qd8 f3+ 50. Kd3 Qf4 51. Qe7+ Qf7 52. Qxg5+ Kf8 53. Qd8+ Kg7 54. Ke3 1-0

[Event "Botvinnik 100th Open"]
[Site "St Petersburg RUS"]
[Date "2011.08.14"]
[Round "3"]
[White "Demianjuk, Alexander"]
[Black "Emdin, Mark"]
[Result "1-0"]
[WhiteElo "2317"]
[BlackElo "2068"]
[WhiteFideId "4134249"]
[BlackFideId "4100050"]
[EventDate "2011.08.12"]

1. d4 d5 2. c4 c6 3. Nf3 Nf6 4. Nc3 dxc4 5. a4 Bf5 6. e3 e6 7. Bxc4 Bb4 8. O-O
Nbd7 9. Qe2 Bg6 10. e4 Bxc3 11. bxc3 Nxe4 12. Ba3 Nb6 13. Bb3 Qc7 14. c4 Nd7 15.
a5 c5 16. Ba4 O-O 17. Bxd7 Qxd7 18. dxc5 Rfc8 19. Ne5 Qd2 20. Qf3 Qg5 21. Nxg6
Qxg6 22. Rfd1 Rd8 23. a6 bxa6 24. c6 Rdc8 25. Rd4 f5 26. Rad1 h6 27. Rd7 Rxc6
28. Bb2 Rac8 29. Rxg7+ Qxg7 30. Bxg7 Kxg7 31. Rd7+ Kg6 32. h4 Rxc4 33. h5+ Kf6
34. Qe3 Ng5 35. f4 1-0